Groundwater hydraulics of extensive aquifers

Saved in:
Bibliographic Details
Main Author: J H Edelman
Format: Book
Language:Undetermined
Published: The Netherland ILRI 1983
Subjects:
Tags: Add Tag
No Tags, Be the first to tag this record!
Institutions: Trung tâm Học liệu Trường Đại học Cần Thơ
LEADER 00476nam a2200181Ia 4500
001 CTU_30050
008 210402s9999 xx 000 0 und d
082 |a 627.046 
082 |b E21 
100 |a J H Edelman 
245 0 |a Groundwater hydraulics of extensive aquifers 
245 0 |c J H Edelman 
260 |a The Netherland 
260 |b ILRI 
260 |c 1983 
650 |a hydraulics 
904 |i Liên, 990224 
980 |a Trung tâm Học liệu Trường Đại học Cần Thơ